000 03162nam a2200301 a 4500
001 000003364
003 OSt
005 20230718135721.0
008 090708s2008 dr c 001 0 spa d
020 _a9789945162677
040 _aDO-SdBNP
_bspa
_cBPMSU
082 4 _a972.9304
_bB742M 2008
_222
100 1 _aMéndez Jiminián, Jesús
245 1 3 _aLa guerra de la restauración de Juan Bosch /
_cJesús Méndez Jiminián.
260 _aSanto Domingo :
_bEditora Búho,
_c2008.
300 _a135 p. :
_bils., retr. ;
_c24 cm.
500 _a"Homenaje al profesor Juan Bosch en el centenario de su natalicio y a los 25 restauradores hechos prisioneros, y que fueron fusilados en la isla de Vieques, Puerto Rico, entre diciembre de 1864 y marzo de 1865".
500 _aIncluye referencias bibliográficas y notas al pie de las páginas.
500 _a
504 _aBibliografía : p: 133-135.
505 0 _gPrólogo --
_tLa Guerra de la Restauración de Juan Bosch --
_tLa revolución de julio de 1857 o de los comerciantes del Cibao --
_tLa rivalidad entre Santana y Báez --
_tLos primeros pasos de Santana para lograr la anexión --
_tLos primeros levantamientos armados contra la anexión --
_tOtras oposiciones de la anexión --
_tLa renuncia de Santana --
_tLa crisis nos arropa a todos --
_tEl levantamiento de Santiago --
_tEl alcalde de Sabaneta se va a Haití a pedir ayuda para luchar contra la anexión --
_tLos primeros disparos de la Guerra Restauradora --
_tLos movimientos de antesala --
_tLos primeros disparos --
_tLa Restauración : una verdadera guerra de liberación nacional y social como dice Bosch --
_tCeferina Chavés : la salvación de Buceta --
_tEl incendio de Santiago de los Caballeros --
_tSantiago arde por las cuatro esquinas --
_tEl comercio de Santiago (1863) y otros datos --
_tEl retiro de las tropas de Santiago --
_tEl Acta de Independencia de 1863 o Acta de Restauración de la República --
_tGaspar Polanco: el gran jefe militar restaurador --
_tEl carácter popular de la Guerra de Restauración --
_tSantana condenado a muerte --
_t¿Cómo vestían los soldados restauradores ? --
_t¿Qué comían? --
_tLa Guerra Restauradora en el este y en el sur --
_tSantana entra en conflictos con las autoridades españolas y hasta con un subalterno --
_tLa muerte de Santana y su importancia política --
_tLas negociaciones para un acuerdo de paz --
_tEl costo económico, social y político de la Guerra Restauradora --
_tLa población del país --
_tSobre la producción del país --
_tLa situación política del país con la anexión --
_tLo humillante de la derrota para España --
_tSobre los prisioneros de la Guerra de la Restauración --
_tLa acciones de Capote y Pulgarín --
_tLista de prisioneros de guerra dominicanos que murieron en el fortín Conde de Mirasol de Vieques, Puerto Rico (1864-1865) --
_tAnexos --
_tBibliografía consultada.
590 _6Inventariado, 2023/VM
600 1 4 _a Bosch, Juan,
_d1909-2001
_xCrítica e interpretación
651 4 _aRepública Dominicana
_xHistoria
_yRestauración 1863-1865
651 4 _aRepública Dominicana
_xPolítica y gobierno
910 _aVMateo V. Control de calidad. BPMSU
942 _2ddc
_cBK
999 _c14429
_d14429